000 00521nam a2200157 i 4500
001 55263
003 ES-MaACL
005 20230906163117.0
007 t|
008 030916s1969 sp ||||1| spa d
100 1 _aDemerson, Jorge.
_943638
245 1 3 _aLa Real Sociedad Económica de Valladolid (1784-1808)
_b: notas para su historia /
_cJorge Demerson.
260 _aValladolid :
_bUniversidad de Valencia, Facultad de Filosofía y Letras,
_c1969.
300 _a49 p. ;
_c22 cm.
852 _aES-MaACL
_jC-36032
_bR.69134
999 _c55263
_d55263